Exercise of veto rights and the role of the UN Security Council : Trends of the two superpowers (Record no. 13896)

MARC details
000 -LEADER
fixed length control field 00483nam a2200157Ia 4500
082 ## - DEWEY DECIMAL CLASSIFICATION NUMBER
Classification number TE.0013
100 ## - MAIN ENTRY--AUTHOR NAME
Personal name Ekwonna, Sampson I
245 #0 - TITLE STATEMENT
Title Exercise of veto rights and the role of the UN Security Council : Trends of the two superpowers
260 ## - PUBLICATION, DISTRIBUTION, ETC. (IMPRINT)
Year of publication 1990
Name of publisher Nagpur University
300 ## - PHYSICAL DESCRIPTION
Number of Pages 212p. + C D -21
650 ## - SUBJECT ADDED ENTRY--TOPICAL TERM
Topical Term UNITED NATIONS - VOTING
650 ## - SUBJECT ADDED ENTRY--TOPICAL TERM
Topical Term UNITED NATIONS - VOTING
650 ## - SUBJECT ADDED ENTRY--TOPICAL TERM
Topical Term UNITED NATIONS. SECURITY COUNCIL
710 ## - ADDED ENTRY--CORPORATE NAME
Corporate name or jurisdiction name as entry element Kulkarni, G.M.
942 ## - ADDED ENTRY ELEMENTS (KOHA)
Koha item type Thesis
Source of classification or shelving scheme Dewey Decimal Classification
Holdings
Withdrawn status Lost status Damaged status Not for loan Home library Current library Date acquired Bill Date Full call number Accession Number Price effective from Koha item type
        NASSDOC Library NASSDOC Library 08/10/2004 2008-12-30 TE.0013 32788 18/04/2019 Thesis